[Event "34th National Chess Championship-2008"]
[Site "?"]
[Date "2008.04.21"]
[Round "2"]
[White "Reefat Bin Sattar"]
[Black "Mohammed Abdul Malek"]
[Result "1-0"]
[WhiteElo "2487"]
[BlackElo "2308"]
[PlyCount "45"]
[EventDate "2008.04.21"]
[SourceDate "2008.04.21"]

1. e4 g6 2. d4 Bg7 3. Nc3 d6 4. Be3 c6 5. Qd2 b5 6. Bd3 e5 7. Nf3 Nd7 8. dxe5
Nxe5 9. Nxe5 Bxe5 10. O-O Bg7 11. Rad1 Be6 12. Be2 Bf8 13. f4 f6 14. f5 Bf7 15.
Nxb5 cxb5 16. Bxb5+ Ke7 17. e5 Bg7 18. exd6+ Kf8 19. d7 Bxa2 20. Bc5+ Kf7 21.
b3 Bf8 22. Qd5+ Kg7 23. Bxf8+ 1-0

[Event "34th National Chess Championship-2008"]
[Site "?"]
[Date "2008.04.21"]
[Round "2"]
[White "Chowdhury Sohel"]
[Black "Hossain Enamul"]
[Result "0-1"]
[WhiteElo "2190"]
[BlackElo "2484"]
[PlyCount "112"]
[EventDate "2008.04.21"]
[SourceDate "2008.04.21"]

1. e4 e5 2. Nf3 Nc6 3. Bb5 a6 4. Ba4 Nf6 5. O-O Be7 6. Re1 b5 7. Bb3 d6 8. c3
O-O 9. h3 Nb8 10. d4 Nbd7 11. Nbd2 Bb7 12. Bc2 Re8 13. Nf1 Bf8 14. Ng3 g6 15.
a4 Bg7 16. Nh2 c5 17. d5 c4 18. f4 exf4 19. Bxf4 Ne5 20. Nf3 Nfd7 21. axb5 axb5
22. Rxa8 Bxa8 23. Nd4 Nc5 24. Bxe5 dxe5 25. Nf3 Bb7 26. Qd2 Bc8 27. Rf1 Nb7 28.
b3 cxb3 29. Bxb3 Nd6 30. Qe3 Qa5 31. Nd2 Qa3 32. Rf3 Bd7 33. Kh2 Rc8 34. Qg5
Qc5 35. Qe7 Be8 36. Qg5 f6 37. Qg4 Qc7 38. Rd3 Bd7 39. Qf3 Qd8 40. Ngf1 Kh8 41.
Ne3 f5 42. g4 Qh4 43. gxf5 gxf5 44. Ng2 Qh6 45. Bc2 Rf8 46. Qe3 fxe4 47. Nxe4
Nxe4 48. Qxe4 Bf5 49. Qe2 e4 50. Re3 Be5+ 51. Kg1 Qb6 52. Kh1 Qh6 53. Kg1 Bd6
54. Rxe4 Bxe4 55. Qxe4 Bc5+ 56. Kh2 Qd6+ 0-1

[Event "34th National Chess Championship-2008"]
[Site "?"]
[Date "2008.04.21"]
[Round "2"]
[White "Rahman Ziaur"]
[Black "Abu Sufian Shakil"]
[Result "1-0"]
[WhiteElo "2511"]
[BlackElo "2407"]
[PlyCount "157"]
[EventDate "2008.04.21"]
[SourceDate "2008.04.21"]

1. d4 d5 2. Nf3 Nf6 3. c4 dxc4 4. e3 e6 5. Bxc4 c5 6. O-O a6 7. Bb3 cxd4 8.
exd4 Nc6 9. Nc3 Be7 10. Bg5 O-O 11. Re1 b5 12. Qd3 Bb7 13. Rad1 Nb4 14. Qe2
Nbd5 15. Ne5 Rc8 16. Rd3 Nxc3 17. bxc3 Nd5 18. Bd2 Bg5 19. Rg3 Bxd2 20. Qxd2
Rc7 21. Nd3 Ne7 22. Re5 Ng6 23. Rc5 Rxc5 24. Nxc5 Qc7 25. Qg5 Bc8 26. Bc2 Qf4
27. Bxg6 fxg6 28. Qxf4 Rxf4 29. Re3 Kf7 30. Nd3 Rf5 31. Ne5+ Kf6 32. g4 Rf4 33.
Kg2 Bb7+ 34. Kg3 g5 35. Nd3 h5 36. Nxf4 h4+ 37. Kh3 gxf4 38. g5+ Kxg5 39. Re5+
Kf6 40. Kxh4 Bf3 41. a3 g6 42. Rc5 Be2 43. Rg5 Bd1 44. a4 Bxa4 45. Kg4 Bb3 46.
Kxf4 Bd5 47. h4 a5 48. Ke3 a4 49. Kd2 Bc4 50. Kc2 Bd5 51. Kb2 Kf7 52. Ka3 Kf6
53. Kb4 Bc4 54. Rc5 Be2 55. Rc6 Kf5 56. Ra6 Bd3 57. Rc6 Be2 58. Rc5+ Kf6 59.
Rc8 Bd3 60. Rf8+ Ke7 61. Ra8 Be2 62. Kc5 Bf1 63. Ra6 Kf7 64. Kd6 Kf6 65. Ra8
Bc4 66. f3 Bd5 67. Ra5 Bc4 68. Ra7 Be2 69. Kc5 Bd3 70. Kd6 Be2 71. Ra8 Bc4 72.
Rf8+ Kg7 73. Ke7 a3 74. Rf7+ Kh6 75. Kf6 a2 76. Rf8 Kh7 77. Ra8 Bd5 78. Ra3 Kh6
79. Ra7 1-0

[Event "34th National Chess championship-2008"]
[Site "?"]
[Date "2008.04.21"]
[Round "2"]
[White "Abdullah Al Rakib"]
[Black "Rahman Syed Mahfuzur"]
[Result "1-0"]
[WhiteElo "2514"]
[BlackElo "2309"]
[Annotator ",BCF"]
[PlyCount "49"]
[EventDate "2008.04.20"]
[SourceDate "2008.04.20"]

1. d4 d5 2. c4 e6 3. Nc3 Be7 4. Nf3 Nf6 5. Bg5 O-O 6. Qc2 h6 7. Bxf6 Bxf6 8.
O-O-O dxc4 9. e4 Nc6 10. e5 Bg5+ 11. Kb1 Nb4 12. Qe4 Nd3 13. Rxd3 cxd3 14. Bxd3
f5 15. exf6 Bxf6 16. Re1 Bd7 17. d5 e5 18. Qh7+ Kf7 19. Rxe5 Bxe5 20. Nxe5+ Ke7
21. Qxg7+ Kd6 22. Nc4+ Kc5 23. Ne4+ Kb5 24. Ncd6+ Kb6 25. Qd4+ 1-0

[Event "34th National Chess Championship-2008"]
[Site "?"]
[Date "2008.04.21"]
[Round "2"]
[White "Ahmed Sk. Nasir"]
[Black "Mohammad Javed"]
[Result "1-0"]
[WhiteElo "2315"]
[BlackElo "2302"]
[PlyCount "102"]
[EventDate "2008.04.21"]
[SourceDate "2008.04.21"]

1. e4 e5 2. Nf3 Nc6 3. Bb5 a6 4. Ba4 Nf6 5. O-O b5 6. Bb3 Bc5 7. d3 h6 8. a4
Rb8 9. axb5 axb5 10. Nc3 d6 11. h3 O-O 12. Ne2 Ne7 13. c3 Ng6 14. d4 Bb6 15.
Bc2 Nh5 16. Ng3 Nxg3 17. fxg3 Be6 18. Kh2 Qe7 19. Ng1 b4 20. d5 Bd7 21. c4 c6
22. Ne2 cxd5 23. cxd5 Bb5 24. Bd3 Qd7 25. g4 Ra8 26. Rb1 Bxd3 27. Qxd3 Bd8 28.
Bd2 Rb8 29. Rbc1 Bg5 30. Rc4 Bxd2 31. Qxd2 Qb5 32. Rfc1 Qb6 33. Ng3 Nf4 34. Rc6
Qd8 35. Nf5 g6 36. Rxd6 Qe8 37. Nxh6+ Kg7 38. g3 Qe7 39. Rdc6 Qg5 40. gxf4 exf4
41. Rf1 Qxh6 42. Rxf4 Rh8 43. Qd4+ Kg8 44. Rf3 Qg5 45. Qf6 Qxf6 46. Rcxf6 Rb7
47. e5 Kg7 48. e6 fxe6 49. dxe6 Rb6 50. Rf7+ Kh6 51. e7 Re6 1-0

[Event "34th National Chess championship-2008"]
[Site "?"]
[Date "2008.04.21"]
[Round "2"]
[White "Murshed Niaz"]
[Black "Hossain Monir"]
[Result "0-1"]
[WhiteElo "2449"]
[BlackElo "2196"]
[Annotator ",BCF"]
[PlyCount "76"]
[EventDate "2008.04.20"]
[SourceDate "2008.04.20"]

1. e4 c5 2. Nf3 Nc6 3. c3 d5 4. exd5 Qxd5 5. d4 Nf6 6. Be3 cxd4 7. cxd4 e6 8.
Nc3 Qd8 9. Bd3 Be7 10. O-O O-O 11. a3 b6 12. Qe2 Bb7 13. Rad1 Qc8 14. Rc1 Qe8
15. Rfe1 Rc8 16. Bf4 Qd8 17. Rcd1 Re8 18. Bb1 Na5 19. Qd3 Nc4 20. Re2 Nd6 21.
Ne5 g6 22. Ba2 Nd5 23. Nxd5 Bxd5 24. Bxd5 exd5 25. Rde1 Bg5 26. Bxg5 Qxg5 27.
Qf3 Rc1 28. Qxd5 Qd2 29. Kf1 Rxe1+ 30. Rxe1 Re6 31. b4 Kg7 32. g3 Nf5 33. Re4
h5 34. Rf4 h4 35. Qf3 h3 36. Re4 Re7 37. Qe2 Qc1+ 38. Qe1 Qxa3 0-1

[Event "34th National Chess Championship-2008"]
[Site "?"]
[Date "2008.04.21"]
[Round "2"]
[White "Minhazuddin Ahmed"]
[Black "Chatterjee Debaraj"]
[Result "1-0"]
[WhiteElo "2325"]
[BlackElo "2236"]
[PlyCount "49"]
[EventDate "2008.04.21"]
[SourceDate "2008.04.21"]

1. e4 c5 2. Nf3 d6 3. d4 cxd4 4. Nxd4 Nf6 5. Nc3 a6 6. Bc4 e6 7. Qe2 Be7 8. Be3
b5 9. Bb3 O-O 10. O-O-O Qc7 11. g4 Bb7 12. Bxe6 fxe6 13. Nxe6 Qc8 14. Nxf8 Qxf8
15. f3 Nbd7 16. g5 Ne8 17. f4 Nc7 18. Rhg1 Nc5 19. Bxc5 dxc5 20. f5 Kh8 21. Rd7
Rc8 22. f6 gxf6 23. gxf6 Qxf6 24. Qg4 Bc6 25. Rxc7 1-0

[Event "34th National Chess Championship-2008"]
[Site "?"]
[Date "2008.04.22"]
[Round "3"]
[White "Chatterjee Debaraj"]
[Black "Reefat Bin Sattar"]
[Result "1/2-1/2"]
[WhiteElo "2236"]
[BlackElo "2487"]
[PlyCount "60"]
[EventDate "2008.04.21"]
[SourceDate "2008.04.22"]

1. d4 e6 2. c4 b6 3. e4 Bb7 4. Bd3 Nc6 5. Ne2 Nb4 6. Nbc3 Nxd3+ 7. Qxd3 g6 8.
h4 h5 9. Bg5 Be7 10. d5 f6 11. Bd2 e5 12. Qg3 Kf7 13. f4 d6 14. O-O-O Bc8 15.
Rdf1 Kg7 16. Nd1 Bg4 17. Nec3 Nh6 18. fxe5 dxe5 19. Bxh6+ Kxh6 20. Ne3 Qd7 21.
d6 cxd6 22. Ncd5 Bd8 23. Nxf6 Bxf6 24. Rxf6 Raf8 25. Nd5 Kg7 26. Rhf1 Qa4 27.
Qb3 Qxb3 28. axb3 Be6 29. Rxf8 Rxf8 30. Rxf8 Kxf8 1/2-1/2

[Event "34th National Chess Championship-2008"]
[Site "?"]
[Date "2008.04.22"]
[Round "3"]
[White "Rahman Syed Mahfuzur"]
[Black "Ahmed Sk. Nasir"]
[Result "1/2-1/2"]
[WhiteElo "2309"]
[BlackElo "2315"]
[PlyCount "109"]
[EventDate "2008.04.21"]
[SourceDate "2008.04.22"]

1. e4 c5 2. Nf3 d6 3. d4 cxd4 4. Nxd4 Nf6 5. Nc3 a6 6. a4 b6 7. g3 e5 8. Nde2
Bb7 9. Bg2 Nbd7 10. O-O Be7 11. Bg5 O-O 12. h3 b5 13. axb5 axb5 14. b4 Bc6 15.
Qd3 Qb6 16. g4 Rfe8 17. Be3 Qb7 18. g5 Nh5 19. Nd5 Bxd5 20. Qxd5 Qxd5 21. exd5
f5 22. gxf6 Nhxf6 23. Nc3 Rac8 24. Nxb5 Rxc2 25. Ra6 Rb2 26. Nxd6 Bxd6 27. Rxd6
Rxb4 28. Rc1 e4 29. Rc7 Ne5 30. Re6 Nf3+ 31. Bxf3 exf3 32. Rxe8+ Nxe8 33. Ra7
Rb1+ 34. Kh2 Rd1 35. Ra8 Kf7 36. Rd8 Nf6 37. d6 Ne4 38. Rd7+ Kf6 39. Bf4 g5 40.
Be3 h6 41. Rh7 Kg6 42. Rd7 Rxd6 43. Rxd6+ Nxd6 44. Kg3 Kh5 45. Kxf3 Kh4 46. Kg2
Nf5 47. Bc5 Ng7 48. Bf8 Nf5 49. Bc5 Kh5 50. Kf3 Ng7 51. Kg3 Kg6 52. Kg4 h5+ 53.
Kg3 Kf5 54. h4 g4 55. f3 1/2-1/2

[Event "34th National Chess Championship-2008"]
[Site "?"]
[Date "2008.04.22"]
[Round "3"]
[White "Abu Sufian Shakil"]
[Black "Abdullah Al Rakib"]
[Result "0-1"]
[WhiteElo "2407"]
[BlackElo "2514"]
[PlyCount "130"]
[EventDate "2008.04.21"]
[SourceDate "2008.04.22"]

1. e4 c6 2. d4 d5 3. Nc3 dxe4 4. Nxe4 Bf5 5. Ng3 Bg6 6. h4 h6 7. h5 Bh7 8. Nf3
e6 9. Bd3 Bxd3 10. Qxd3 Nf6 11. Bd2 Nbd7 12. O-O-O Qc7 13. Ne4 O-O-O 14. Kb1 c5
15. Nxf6 Nxf6 16. Qc4 cxd4 17. Qxc7+ Kxc7 18. Ne5 Rd5 19. Nxf7 Rg8 20. Bf4+ Kc8
21. Ne5 Bd6 22. Rde1 Re8 23. Rh4 b5 24. a3 Kc7 25. Bh2 a5 26. f4 Kb7 27. Bg1 a4
28. Rd1 Bxe5 29. fxe5 Rxe5 30. Bxd4 Rd5 31. Rf1 e5 32. Bc3 Re6 33. Kc1 Kc6 34.
Rd1 Rxd1+ 35. Kxd1 Kd5 36. b3 Ne4 37. Be1 axb3 38. cxb3 Ra6 39. Bb4 Nf6 40. Ke2
Ke6 41. Rh1 Nd5 42. Rc1 Nxb4 43. axb4 Ra2+ 44. Kf3 Rb2 45. Rc3 Kf5 46. g4+ Kg5
47. Re3 Kh4 48. Rc3 Rb1 49. Ke4 Kxg4 50. Kxe5 Kxh5 51. Kd5 g5 52. Kc5 g4 53.
Kxb5 Kg5 54. Kc6 h5 55. b5 Rf1 56. b6 h4 57. Rc5+ Kg6 58. b7 Rf8 59. Kd5 Rb8
60. Rc6+ Kg5 61. Rc7 Kf4 62. Rf7+ Kg3 63. Ke4 h3 64. Kf5 h2 65. Rh7 Rxb7 0-1

[Event "34th National Chess Championship-2008"]
[Site "?"]
[Date "2008.04.22"]
[Round "3"]
[White "Mohammed Abdul Malek"]
[Black "Chowdhury Sohel"]
[Result "1/2-1/2"]
[WhiteElo "2308"]
[BlackElo "2190"]
[PlyCount "133"]
[EventDate "2008.04.21"]
[SourceDate "2008.04.22"]

1. d4 d5 2. Nf3 Nf6 3. e3 e6 4. c4 c6 5. Bd3 Nbd7 6. Nbd2 a6 7. O-O dxc4 8.
Nxc4 b5 9. Nce5 c5 10. a4 c4 11. Be2 Bb7 12. axb5 axb5 13. Rxa8 Qxa8 14. b3
Nxe5 15. dxe5 Bxf3 16. Bxf3 Nd5 17. bxc4 bxc4 18. Qd4 Be7 19. Qxc4 O-O 20. Qg4
Rb8 21. h4 Rb4 22. e4 Qa4 23. h5 Bf8 24. Bh6 Ne7 25. Rd1 Rd4 26. Bg5 Nc6 27.
Be3 Rxd1+ 28. Bxd1 Qa5 29. Qe2 Nxe5 30. Bd4 h6 31. Bc2 Nc6 32. Be3 Qc3 33. Qd1
Bc5 34. Bf4 Nd4 35. Bd3 Nc6 36. Bf1 e5 37. Qd2 Qxd2 38. Bxd2 Kf8 39. g3 Nd4 40.
Kg2 Ke7 41. f4 f6 42. Bc4 Kd6 43. Kh3 f5 44. exf5 Nxf5 45. g4 Ne3 46. fxe5+
Kxe5 47. Be2 Nd5 48. Kg3 Be3 49. Ba5 Bd4 50. Kf3 Bb6 51. Be1 Bd4 52. Bc4 Nc3
53. Bg3+ Kf6 54. Bd3 Be5 55. Be1 Nd5 56. Bc4 Nc7 57. Bh4+ g5 58. hxg6+ Kxg6 59.
Ke4 Bf6 60. Bg3 Ne8 61. Bb5 Ng7 62. Bd3 h5 63. gxh5+ Nxh5 64. Bd6 Ng7 65. Kf4+
Kf7 66. Bc4+ Kg6 67. Kg4 1/2-1/2

[Event "34th National Chess Championship-2008"]
[Site "?"]
[Date "2008.04.23"]
[Round "4"]
[White "Reefat Bin Sattar"]
[Black "Chowdhury Sohel"]
[Result "1-0"]
[WhiteElo "2487"]
[BlackElo "2190"]
[PlyCount "101"]
[EventDate "2008.04.21"]
[SourceDate "2008.04.23"]

1. e4 e5 2. Nf3 Nc6 3. Bc4 Bc5 4. c3 Nf6 5. d3 d6 6. Bb3 O-O 7. h3 a6 8. Nbd2
b5 9. Nf1 Bb7 10. Ng3 Nb8 11. Bg5 Nbd7 12. Nf5 Bb6 13. Nh2 a5 14. Ng4 a4 15.
Bc2 Re8 16. Qd2 Re6 17. h4 Qf8 18. Nxf6+ Nxf6 19. h5 d5 20. f3 Rd8 21. Qe2 d4
22. cxd4 Bxd4 23. Nxd4 Qb4+ 24. Qd2 Qxd4 25. h6 g6 26. Qc3 Qd6 27. b4 Rc8 28.
f4 c5 29. fxe5 Rxe5 30. Bf4 Rxe4+ 31. dxe4 Qxf4 32. Rf1 Qxh6 33. Qxf6 Qe3+ 34.
Kd1 cxb4 35. Qxf7+ Kh8 36. Qf6+ Kg8 37. Qe6+ Kh8 38. Qe5+ Kg8 39. Qe6+ Kh8 40.
Qf6+ Kg8 41. Rc1 Ra8 42. Qf7+ Kh8 43. Qf6+ Kg8 44. Qe6+ Kh8 45. Qe5+ Kg8 46.
Qe6+ Kh8 47. Qf6+ Kg8 48. Bb1 Bd5 49. Rc7 Bb3+ 50. axb3 Qxb3+ 51. Ke2 1-0

[Event "34th National Chess Championship-2008"]
[Site "?"]
[Date "2008.04.23"]
[Round "4"]
[White "Rahman Ziaur"]
[Black "Mohammed Abdul Malek"]
[Result "1-0"]
[WhiteElo "2511"]
[BlackElo "2308"]
[PlyCount "67"]
[EventDate "2008.04.21"]
[SourceDate "2008.04.23"]

1. c4 Nf6 2. Nc3 e5 3. g3 Nc6 4. Bg2 Be7 5. d3 O-O 6. e3 Re8 7. Nge2 d6 8. O-O
Be6 9. Nd5 Qd7 10. e4 Bd8 11. f4 Bg4 12. Ne3 Bxe2 13. Qxe2 Nd4 14. Qd1 exf4 15.
gxf4 c6 16. Bd2 Bb6 17. Kh1 h5 18. h3 a5 19. Kh2 Qe7 20. Bc3 g6 21. Qe1 Nd7 22.
Rd1 Kh7 23. Rd2 Nf8 24. Qg3 f6 25. Nc2 Nxc2 26. Rxc2 Rad8 27. Qh4 Nd7 28. f5
Ne5 29. fxg6+ Kxg6 30. d4 Nd7 31. Bf3 Rh8 32. Rg2+ Kf7 33. Bxh5+ Kf8 34. Rg6
1-0

[Event "34th National Chess Championship-2008"]
[Site "?"]
[Date "2008.04.23"]
[Round "4"]
[White "Abdullah Al Rakib"]
[Black "Hossain Enamul"]
[Result "1-0"]
[WhiteElo "2514"]
[BlackElo "2484"]
[PlyCount "49"]
[EventDate "2008.04.21"]
[SourceDate "2008.04.23"]

1. d4 d5 2. e3 Nf6 3. Bd3 g6 4. f4 Bg7 5. Nf3 O-O 6. O-O c5 7. c3 b6 8. Qe2 Bb7
9. Bd2 Qc8 10. Be1 Ba6 11. Bh4 Qb7 12. Ne5 Bxd3 13. Nxd3 Ne4 14. f5 Nc6 15. Nd2
c4 16. Nf4 Nxd2 17. Qxd2 Qd7 18. Qc2 Bh6 19. Rf3 e5 20. Nh5 Qd6 21. Nf6+ Kh8
22. Rh3 Ne7 23. Bg3 Nxf5 24. Bxe5 Qe6 25. g4 1-0

[Event "34th National Chess Championship-2008"]
[Site "?"]
[Date "2008.04.23"]
[Round "4"]
[White "Ahmed Sk. Nasir"]
[Black "Abu Sufian Shakil"]
[Result "0-1"]
[WhiteElo "2315"]
[BlackElo "2407"]
[PlyCount "88"]
[EventDate "2008.04.21"]
[SourceDate "2008.04.23"]

1. e4 d5 2. exd5 Qxd5 3. Nc3 Qa5 4. d4 Nf6 5. Bc4 Bg4 6. Nge2 e6 7. Bd2 Qb6 8.
Bb3 Nc6 9. f3 Bf5 10. g4 Bg6 11. g5 Nh5 12. Be3 O-O-O 13. Qd2 Bb4 14. a3 Qa6
15. Kf2 Bc5 16. Na4 Bxd4 17. Nxd4 Nxd4 18. Bxd4 e5 19. Nc5 Qc6 20. Qa5 Rxd4 21.
Qxa7 b6 22. Na6 Qb7 23. Qxb7+ Kxb7 24. Nb4 Rhd8 25. Rhe1 Rd2+ 26. Re2 Nf4 27.
Rxd2 Rxd2+ 28. Ke1 Re2+ 29. Kf1 Rxh2 30. Re1 Rh1+ 31. Kf2 Nh3+ 32. Ke2 Rxe1+
33. Kxe1 Nxg5 34. Kf2 Nh3+ 35. Ke3 Nf4 36. Ba4 f6 37. c4 h5 38. Bd7 h4 39. Kf2
Nd3+ 40. Nxd3 Bxd3 41. Be6 Kc6 42. b4 Kd6 43. Bf7 c5 44. Ke3 Bf5 0-1

[Event "34th National Chess Championship-2008"]
[Site "?"]
[Date "2008.04.23"]
[Round "4"]
[White "Minhazuddin Ahmed"]
[Black "Mohammad Javed"]
[Result "1-0"]
[WhiteElo "2325"]
[BlackElo "2302"]
[PlyCount "65"]
[EventDate "2008.04.21"]
[SourceDate "2008.04.23"]

1. e4 c5 2. Nf3 d6 3. d4 cxd4 4. Nxd4 Nf6 5. Nc3 Nc6 6. Bc4 Qb6 7. Nxc6 bxc6 8.
O-O g6 9. Bg5 Bg7 10. Qd2 Qxb2 11. Rab1 Qa3 12. Bxf6 Bxf6 13. Nd5 cxd5 14. Qxd5
O-O 15. Qxa8 Be6 16. Rb8 Bxc4 17. Rxf8+ Kg7 18. Rg8+ Kh6 19. Qf8+ Kh5 20. Qc8
Bxf1 21. Kxf1 e6 22. Qc4 Qc1+ 23. Ke2 Qg1 24. g3 Qxh2 25. Rf8 Kg5 26. Rxf7 Qh5+
27. Ke3 Bd8 28. Qxe6 Bb6+ 29. Kd2 Kh6 30. Qf6 Qa5+ 31. Kd1 Bd8 32. Qg7+ Kg5 33.
Rf5+ 1-0

[Event "34th National Chess Championship-2008"]
[Site "?"]
[Date "2008.04.23"]
[Round "4"]
[White "Chatterjee Debaraj"]
[Black "Hossain Monir"]
[Result "1/2-1/2"]
[WhiteElo "2236"]
[BlackElo "2196"]
[PlyCount "123"]
[EventDate "2008.04.21"]
[SourceDate "2008.04.23"]

1. d4 Nf6 2. c4 g6 3. Nc3 Bg7 4. e4 d6 5. Nf3 O-O 6. Be2 Nbd7 7. O-O a6 8. Bg5
Rb8 9. a4 h6 10. Bh4 e5 11. dxe5 dxe5 12. Qc2 c6 13. a5 Re8 14. b4 g5 15. Bg3
Nh5 16. Rfd1 Qe7 17. Rab1 Nf4 18. Bf1 Nf8 19. b5 axb5 20. cxb5 Bg4 21. bxc6
bxc6 22. Rxb8 Rxb8 23. Na4 Bxf3 24. gxf3 N8e6 25. Qxc6 Nd4 26. Qc4 Qd8 27. Rxd4
exd4 28. a6 Bf8 29. Qc6 Rc8 30. Qb6 d3 31. Qxd8 Rxd8 32. Bxf4 gxf4 33. Bxd3
Rxd3 34. a7 Rd8 35. Nb6 Be7 36. a8=Q Rxa8 37. Nxa8 Bd8 38. Kf1 Kf8 39. Ke2 Ke7
40. Kd3 Kd6 41. Kd4 f6 42. Kc4 Kc6 43. Kd4 Be7 44. e5 fxe5+ 45. Kxe5 Bd6+ 46.
Kf5 Kb7 47. Kg6 Kxa8 48. Kxh6 Kb7 49. h4 Kc6 50. Kg6 Kd7 51. h5 Ke6 52. h6 Be5
53. h7 Bh8 54. Kg5 Ke5 55. Kg6 Bf6 56. Kf7 Kf5 57. Kg8 Kg5 58. h8=Q Bxh8 59.
Kxh8 Kh4 60. Kg7 Kh3 61. Kg6 Kg2 62. Kg5 1/2-1/2

[Event "34th National Chess Championship-2008"]
[Site "?"]
[Date "2008.04.24"]
[Round "5"]
[White "Hossain Monir"]
[Black "Reefat Bin Sattar"]
[Result "0-1"]
[WhiteElo "2196"]
[BlackElo "2487"]
[PlyCount "82"]
[EventDate "2008.04.21"]
[SourceDate "2008.04.24"]

1. d4 d5 2. c4 c6 3. Nf3 Nf6 4. Nc3 dxc4 5. e3 b5 6. a4 b4 7. Na2 e6 8. Bxc4
Bb7 9. O-O Nbd7 10. Bd2 a5 11. Nc1 Be7 12. Nb3 O-O 13. Qe2 c5 14. Rfd1 Qb6 15.
Be1 Rac8 16. Bb5 cxd4 17. exd4 Bd5 18. Nc1 Qb8 19. Ne5 Nxe5 20. dxe5 Ne4 21. f3
Nc5 22. Bf2 Rc7 23. Qe3 Rfc8 24. Kh1 h6 25. Bg3 Qb6 26. Qg1 Qb7 27. Qf1 Bg5 28.
h4 Bxc1 29. Raxc1 Bb3 30. Re1 Qd5 31. Ra1 Bc2 32. Bf2 Nb3 33. Bb6 Nxa1 34. Bxc7
Rxc7 35. Rxa1 Qxe5 36. Qf2 Qxb2 37. Rd1 Qe5 38. Rd8+ Kh7 39. Qd2 b3 40. Qxa5
Rc5 41. Qa8 Qe1+ 0-1

[Event "34th National Chess Championship-2008"]
[Site "?"]
[Date "2008.04.24"]
[Round "5"]
[White "Mohammad Javed"]
[Black "Chatterjee Debaraj"]
[Result "1-0"]
[WhiteElo "2302"]
[BlackElo "2236"]
[PlyCount "57"]
[EventDate "2008.04.21"]
[SourceDate "2008.04.24"]

1. e4 c5 2. Nf3 d6 3. d4 cxd4 4. Nxd4 Nf6 5. Nc3 a6 6. Be3 e5 7. Nb3 Be6 8. f3
Nbd7 9. g4 Nb6 10. g5 Nh5 11. Qd2 Rc8 12. O-O-O Be7 13. Rg1 O-O 14. Kb1 g6 15.
Qf2 Nc4 16. Bxc4 Rxc4 17. Bb6 Qd7 18. Na5 Rcc8 19. Qd2 Kg7 20. Nd5 Bxd5 21.
Qxd5 Qe6 22. Qxb7 Rb8 23. Qc6 Nf4 24. Ba7 Ra8 25. Be3 Rfc8 26. Qa4 Rab8 27.
Bxf4 exf4 28. Nc6 Rb5 29. Nd4 1-0

[Event "34th National Chess Championship-2008"]
[Site "?"]
[Date "2008.04.24"]
[Round "5"]
[White "Rahman Syed Mahfuzur"]
[Black "Minhazuddin Ahmed"]
[Result "0-1"]
[WhiteElo "2309"]
[BlackElo "2325"]
[PlyCount "103"]
[EventDate "2008.04.21"]
[SourceDate "2008.04.24"]

1. Nf3 d5 2. d4 Nf6 3. g3 Bf5 4. Bg2 e6 5. c4 c6 6. O-O Be7 7. Qb3 Qb6 8. c5
Qxb3 9. axb3 Bxb1 10. Rxb1 Nfd7 11. Re1 Na6 12. Bf4 O-O 13. Ra1 Nb4 14. Ra4 b5
15. cxb6 Nxb6 16. Ra5 Rfc8 17. Rc1 Nd7 18. Ne5 Nxe5 19. Bxe5 c5 20. Bh3 Nc6 21.
Ra6 h5 22. e3 g5 23. f4 g4 24. Bf1 Nb4 25. f5 cxd4 26. Rxa7 Bg5 27. Bxd4 e5 28.
Rxa8 Rxa8 29. Bc5 Rc8 30. Kg2 Na2 31. Ba6 Rc7 32. Ra1 Rxc5 33. Rxa2 Rc2+ 34.
Kh1 Rc1+ 35. Kg2 Bxe3 36. Bf1 Rc2+ 37. Kh1 e4 38. Ra1 Bf2 39. f6 Kh7 40. Rd1 d4
41. Bg2 Re2 42. Rf1 d3 43. Bxe4+ Rxe4 44. Rxf2 Re2 45. Kg2 d2 46. Rxe2 d1=Q 47.
Rf2 Qxb3 48. Kg1 Kg8 49. Kg2 Kh8 50. Kg1 Kh7 51. Kg2 Kg6 52. Kg1 0-1

[Event "34th National Chess Championship-2008"]
[Site "?"]
[Date "2008.04.24"]
[Round "5"]
[White "Hossain Enamul"]
[Black "Ahmed Sk. Nasir"]
[Result "1-0"]
[WhiteElo "2484"]
[BlackElo "2315"]
[PlyCount "81"]
[EventDate "2008.04.21"]
[SourceDate "2008.04.24"]

1. e4 c5 2. Nf3 d6 3. d4 cxd4 4. Nxd4 Nf6 5. Nc3 a6 6. Be2 e6 7. O-O Be7 8. f4
O-O 9. Kh1 Qc7 10. a4 b6 11. Bf3 Bb7 12. f5 e5 13. Nb3 h6 14. Be3 Nbd7 15. Rf2
Rfd8 16. Rd2 Nc5 17. Nxc5 dxc5 18. Rxd8+ Rxd8 19. Qf1 c4 20. g4 Bb4 21. g5 hxg5
22. Bxg5 Rd6 23. Qg2 Bc5 24. Re1 Qd7 25. h4 b5 26. axb5 axb5 27. Ne2 Nh7 28.
Ng3 Nxg5 29. hxg5 Rd2 30. Qh3 Qd8 31. g6 Qg5 32. gxf7+ Kxf7 33. Rf1 Rxc2 34. f6
Rf2 35. Rxf2 Bxf2 36. Qd7+ Kxf6 37. Qd8+ Kg6 38. Bh5+ Qxh5+ 39. Nxh5 Kxh5 40.
Qe8+ Kh6 41. Qe6+ 1-0

[Event "34th National Chess Championship-2008"]
[Site "?"]
[Date "2008.04.24"]
[Round "5"]
[White "Mohammed Abdul Malek"]
[Black "Abdullah Al Rakib"]
[Result "1/2-1/2"]
[WhiteElo "2514"]
[BlackElo "2308"]
[PlyCount "49"]
[EventDate "2008.04.21"]
[SourceDate "2008.04.24"]

1. d4 Nf6 2. Nf3 d6 3. c4 c6 4. Nc3 Bf5 5. e3 Nbd7 6. Bd3 Bg6 7. Bxg6 hxg6 8.
e4 e5 9. O-O Be7 10. dxe5 dxe5 11. Bg5 Nh5 12. Bxe7 Qxe7 13. Qd2 Nf4 14. Rfd1
O-O-O 15. Qd6 Qxd6 16. Rxd6 Nc5 17. Rxd8+ Rxd8 18. Nxe5 Rd2 19. Rb1 f6 20. Nf3
Rc2 21. Nd4 Rd2 22. Nf3 Rc2 23. Nd4 Re2 24. Nf3 Rc2 25. Nd4 1/2-1/2

[Event "34th National Chess Championship-2008"]
[Site "?"]
[Date "2008.04.24"]
[Round "5"]
[White "Chowdhury Sohel"]
[Black "Rahman Ziaur"]
[Result "0-1"]
[WhiteElo "2190"]
[BlackElo "2511"]
[PlyCount "102"]
[EventDate "2008.04.21"]
[SourceDate "2008.04.24"]

1. e4 g6 2. Nc3 Bg7 3. g3 d6 4. Bg2 Nf6 5. d3 O-O 6. f4 e5 7. Nf3 Nc6 8. O-O
Bg4 9. h3 Bxf3 10. Qxf3 Nd4 11. Qf2 Nd7 12. f5 c6 13. Be3 Rc8 14. g4 g5 15. Qd2
h6 16. Nd1 c5 17. c3 Nc6 18. c4 a6 19. Nc3 Rb8 20. a4 Nd4 21. Rab1 Nc6 22. Rf2
f6 23. h4 Rf7 24. Kh2 Bf8 25. Kg3 Nd4 26. Rh1 b5 27. axb5 axb5 28. Bxd4 exd4
29. Nxb5 gxh4+ 30. Rxh4 Ne5 31. Bf3 Rbb7 32. Rfh2 Rh7 33. Kf2 Qb8 34. Be2 Nf7
35. Rh5 d5 36. exd5 Rxb5 37. cxb5 Bd6 38. R2h3 Ng5 39. Bf3 Bf4 40. Qe2 Be3+ 41.
Kg2 Nxh3 42. Rxh3 Rb7 43. d6 Rxb5 44. Bd5+ Kg7 45. b3 Qxd6 46. Bc4 Ra5 47. Rf3
Qc6 48. Kh3 Ra2 49. Qf1 Bg1 50. b4 Rh2+ 51. Kg3 Qc7+ 0-1

[Event "34th National Chess Championship-2008"]
[Site "?"]
[Date "2008.04.26"]
[Round "6"]
[White "Reefat Bin Sattar"]
[Black "Rahman Ziaur"]
[Result "0-1"]
[WhiteElo "2487"]
[BlackElo "2511"]
[PlyCount "74"]
[EventDate "2008.04.21"]
[SourceDate "2008.04.26"]

1. e4 c5 2. Nf3 e6 3. d4 cxd4 4. Nxd4 Nc6 5. Nc3 a6 6. Be3 Nf6 7. Nxc6 bxc6 8.
e5 Nd5 9. Nxd5 cxd5 10. Qd4 Be7 11. Be2 O-O 12. O-O d6 13. f4 a5 14. Rfd1 dxe5
15. fxe5 Qc7 16. c4 dxc4 17. Bxc4 Bb7 18. Rac1 Rad8 19. Bb3 Qb8 20. Qf4 Rxd1+
21. Rxd1 Bc6 22. Rd2 Qb5 23. Bc4 Qb7 24. h4 Bb4 25. Rf2 Bd5 26. a3 Be7 27. Bd3
f5 28. exf6 Rxf6 29. Qg3 Rxf2 30. Qxf2 Qb3 31. Bc2 Qc4 32. h5 Qg4 33. Qd2 Qxh5
34. Qxa5 Qe5 35. Qd2 Bd6 36. Kf1 Qh2 37. Bg1 Qh1 0-1